Statistics for Top 5 Tallest Buildings in History

Click here to take the quiz!

General Stats

  • This quiz has been taken 28 times
  • The average score is 11 of 35

Answer Stats

Answer% Correct
Pyramids of Giza
81%
Pyramids of Giza
81%
Pyramids of Giza
81%
Pyramids of Giza
81%
Pyramids of Giza
81%
Eiffel Tower
77%
One World Trade Center
69%
Petronas Towers
62%
Sears Towers
58%
Ulm Minster
42%
Washington Monument
35%
Lincoln Cathedral
31%
St Paul's Cathedral
31%
St Paul's Cathedral
31%
Strasbourg Cathedral
23%
St Mary's Cathedral
19%
St Mary's Church
19%
St Nicholas' Cathedral
19%
St Nicholas' Church
19%
Strasbourg Cathedral
15%
Strasbourg Cathedral
15%
Strasbourg Cathedral
15%
Two World Trade Center
15%
Jetavanaramaya
12%
Mole Antonelliana
12%
New Brighton Tower
12%
Hwangnyongsa
8%
Jin Mao Tower
8%
La Danta Temple
8%
Malmesbury Abbey
8%
Malmesbury Abbey
8%
St Stephen's Cathedral
8%
St Stephen's Cathedral
8%
St Stephen's Cathedral
8%
Umayyad Mosque
8%

Score Distribution

Percentile by Number Answered

Percent of People with Each Score

Your Score History

You have not taken this quiz